| 000 | 00991 a2200217 4500 | ||
|---|---|---|---|
| 003 | Nust | ||
| 005 | 20170207154017.0 | ||
| 020 | _a0-471-22160-0 | ||
| 040 | _cNust | ||
| 082 | 0 | _a621.38275 | |
| 100 | 1 | _aKawano, Kenji | |
| 245 | 0 | 0 |
_aIntroduction to optical waveguide analysis-(E-BOOK) _h[Elektronisk resurs] _bsolving Maxwell's equations and the Schr?ger equation / _cKenji Kawano and Tsutomu Kitoh |
| 260 |
_aNew York : _bWiley, _ccop. 2001 |
||
| 300 |
_axiii, 275 s. : _bill. |
||
| 490 | 0 | _aWiley-Interscience publication | |
| 505 | _a Fundamental Equations(Page-1) Analytical Methods(Page-13) Finite-Element Methods(Page-59) Finite-Difference Methods(Page-117) Beam Propagation Methods(Page-165) Finite-Difference Time-Domain Method(Page-233) Schrodinger Equation(Page-251) | ||
| 650 | 7 |
_aOptical wave guides _xMathematical models |
|
| 650 | 7 |
_aOptical wave guides _xMathematics |
|
| 700 | 1 | _aKitoh, Tsutomu | |
| 856 | 4 | 0 | _uhttp://www3.interscience.wiley.com/cgi-bin/booktoc?ID=92012730 |
| 942 |
_2ddc _cBK |
||
| 999 |
_c191487 _d191487 |
||